LIBRARY & INFORMATION CENTRE, KCAET, TAVANUR

ONLINE PUBLIC ACCESS CATALOGUE (OPAC)

Watershed hydrology / (Record no. 9627)

MARC details
000 -LEADER
fixed length control field 00511cam a2200205ua 4500
020 ## - INTERNATIONAL STANDARD BOOK NUMBER
ISBN 81-86308-23-7
041 ## - LANGUAGE CODE
Language code of text/sound track or separate title eng
082 ## - DEWEY DECIMAL CLASSIFICATION NUMBER
Classification number 551.48
Item number SUR/WA
100 ## - MAIN ENTRY--AUTHOR NAME
Personal name Suresh, R .
245 ## - TITLE STATEMENT
Title Watershed hydrology /
250 ## - EDITION STATEMENT
Edition statement 1 /
260 ## - PUBLICATION, DISTRIBUTION, ETC. (IMPRINT)
Place of publication New Delhi :
Name of publisher Standard publishers Distributors ,
Year of publication 1997.
300 ## - PHYSICAL DESCRIPTION
Number of Pages 540 ; .
942 ## - ADDED ENTRY ELEMENTS (KOHA)
Koha item type Books
Holdings
Withdrawn status Lost status Damaged status Home library Current library Date acquired Full call number Accession Number Koha item type Collection code Shelving location Cost, normal purchase price
      KAUAET KAUAET 07/04/2012 551.48 20549 Books      
      KAUAET KAUAET 07/04/2012 551.48 19407 Books      
      KAUAET KAUAET 07/04/2012 551.48 20550 Books      
      KAUAET KAUAET 31/03/2012 551.48 SUR/WA 23322 Books Non-fiction General Stacks 225.00
      KAUAET KAUAET 31/03/2012 551.48 SUR/WA 23323 Books Non-fiction General Stacks 225.00
      KAUAET KAUAET 31/03/2012 551.48 SUR/WA 23324 Books Non-fiction General Stacks 225.00
      KAUAET KAUAET 31/03/2012 551.48 SUR/WA 23325 Books Non-fiction General Stacks 225.00
      KAUAET KAUAET 31/03/2012 551.48 SUR/WA 23326 Books Non-fiction General Stacks 225.00
free website counter